| 000 -LEADER |
| fixed length control field |
00973nam a2200289 i 4500 |
| 001 - CONTROL NUMBER |
| control field |
1662 |
| 003 - CONTROL NUMBER IDENTIFIER |
| control field |
BD-DhAAL |
| 005 - DATE AND TIME OF LATEST TRANSACTION |
| control field |
20200123102224.0 |
| 008 - FIXED-LENGTH DATA ELEMENTS--GENERAL INFORMATION |
| fixed length control field |
200123t19961988nyua 001 0 eng |
| 020 ## - INTERNATIONAL STANDARD BOOK NUMBER |
| International Standard Book Number |
0256145326 |
| 040 ## - CATALOGING SOURCE |
| Original cataloging agency |
BD-DhAAL |
| Language of cataloging |
Eng |
| Transcribing agency |
BD-DhAAL |
| Modifying agency |
BD-DhAAL |
| 082 00 - DEWEY DECIMAL CLASSIFICATION NUMBER |
| Classification number |
332.024 KAP |
| Edition number |
23 |
| 100 1# - MAIN ENTRY--PERSONAL NAME |
| Personal name |
Kapoor, Jack R. |
| 9 (RLIN) |
37666 |
| 245 10 - TITLE STATEMENT |
| Title |
Personal finance / |
| Statement of responsibility, etc. |
Jack R. Kapoor, Les R. Dlabay and Robert J. Hughes. |
| 250 ## - EDITION STATEMENT |
| Edition statement |
4th ed. |
| 260 ## - PUBLICATION, DISTRIBUTION, ETC. |
| Place of publication, distribution, etc. |
New York : |
| Name of publisher, distributor, etc. |
McGraw-Hill Education, |
| Date of publication, distribution, etc. |
c1988 [Reprinted 1996]. |
| 300 ## - PHYSICAL DESCRIPTION |
| Extent |
xxii, 665 pages : |
| Other physical details |
illustrations ; |
| Dimensions |
26 cm. |
| 490 0# - SERIES STATEMENT |
| Series statement |
The Irwin series in finance. |
| 504 ## - BIBLIOGRAPHY, ETC. NOTE |
| Bibliography, etc. note |
Includes bibliographical references and index. |
| 526 ## - STUDY PROGRAM INFORMATION NOTE |
| Program name |
BBS |
| 650 #0 - SUBJECT ADDED ENTRY--TOPICAL TERM |
| Topical term or geographic name entry element |
Finance, Personal |
| 9 (RLIN) |
37667 |
| Form subdivision |
Study and teaching. |
| 700 ## - ADDED ENTRY--PERSONAL NAME |
| Personal name |
Dlabay, Les R. |
| 9 (RLIN) |
37668 |
| 700 ## - ADDED ENTRY--PERSONAL NAME |
| Personal name |
Hughes, Robert J. |
| 9 (RLIN) |
37669 |
| 942 ## - ADDED ENTRY ELEMENTS (KOHA) |
| Source of classification or shelving scheme |
|
| Koha item type |
Book |